Durero
Enregistré dans:
| Auteur principal: | |
|---|---|
| Format: | Livre |
| Langue: | espagnol |
| Publié: |
Buenos Aires
Viscontea
1983
|
| Édition: | 2a. ed |
| Collection: | Los Grandes Pintores, 28
|
| Sujets: | |
| Tags: |
Ajouter un tag
Pas de tags, Soyez le premier à ajouter un tag!
|
MARC
| LEADER | 00000cam a2200000 a 4500 | ||
|---|---|---|---|
| 001 | UCE0878 | ||
| 003 | CL-VaPUC | ||
| 008 | 140317e19830000ag |||||||||||||||||spa|d | ||
| 082 | 0 | 4 | |a 759.3 |b FOS |2 21 |
| 100 | 0 | |a Fossi Todorow, Maria |e author |9 573257 | |
| 245 | 1 | 0 | |a Durero |
| 250 | |a 2a. ed | ||
| 300 | |a 16 p | ||
| 942 | |c BK | ||
| 945 | |d 20140317 10:17:00 |a cmena | ||
| 260 | |a Buenos Aires |b Viscontea |c 1983 | ||
| 600 | 0 | |a Durero, Alberto |9 265606 | |
| 650 | 7 | |a PINTORES ALEMANES |2 CL-VaPUC |9 341248 | |
| 650 | 0 | |a Pintura renacentista |9 266314 | |
| 583 | |a last modification |c 20140317 10:17:00 |k Rodrigo Vera | ||
| 490 | 0 | |a Los Grandes Pintores, 28 | |
| 999 | |c 354883 |d 354881 | ||
| 952 | |0 0 |1 0 |3 erb |4 0 |6 759_300000000000000_FOS_1983 |7 0 |8 A |9 461107 |a BIBART |b BIBART |i 500408K |o 759.3 FOS 1983 |p 500408K |r 2025-03-13 |w 2019-11-23 |y BK |z Catalogado en:20140317 |k ART | ||